000 00888nam a2200265 i 4500
001 bgj
100 1 _aHADFIELD, Jill
_d(1952- ).
245 1 0 _aSimple Speaking Activities /
_cJill Hadfield ; Charles Hadfield.
250 _a[3rd impr.].
260 _aOxford :
_bOxford University Press,
_c2000.
300 _a71 pp :
_bill. ;
_c27 cm.
490 1 _aOxford Basics
650 9 _aEnglish language
_xStudy and Teaching |(Elementary)
650 9 _aOral communication
_xStudy and teaching |(Elementary)
650 9 _aEnglish language
_xStudy and teaching
_xForeign speakers
650 9 _aEnglish language
_xSpoken English
_xProblems, exercises, etc.
700 1 _aHADFIELD, Charles
_d(1952- ).
_eco-author
830 _aOxford Basics
020 _a0194421694
040 _cBPK
041 _aeng
920 _a0-19-442169-4
942 _cKS
008 s uk f |000 0 eng
999 _c48257
_d48257
856 _uhttp://koha.tu.koszalin.pl/cgi-bin/koha/opac-detail.pl?biblionumber=48257
_yKatalog online BPK